UK Universities- sudden death - Statistics

General Stats
  • This quiz has been taken 228 times
  • The average score is 12 of 19
Answers on the Grid
Answers color-coded by a green-red scale on the quiz's grid according to % correct below.
Bath
Oxford
Penteforth
Cambridge
Abercrombie
City St George’s
Duke
De Montfort
Durham
Edinburgh
Eton
Aberdeen
Harrow
Birkbeck
Heidelberg
Imperial
KCL
Loughborough
LSE
Manchester
Open
PSL
Southwold
St Andrews
St Paul’s
TUM
UCL
UEA
Worthington
Yale
York
Upminster
 
Answer Stats
Answer % Correct
Oxford
98%
Cambridge
91%
Edinburgh
85%
Bath
83%
Durham
80%
Manchester
75%
St Andrews
72%
Imperial
71%
Loughborough
69%
York
69%
Aberdeen
68%
UCL
62%
LSE
59%
Open
52%
KCL
50%
De Montfort
48%
UEA
45%
City St George’s
36%
Birkbeck
33%
No matching quizzes found
Score Distribution
Percent of People with Each Score
Percentile by Number Answered
Your Score History
You have not taken this quiz